000 00755nas a2200253 4500
001 BR8101483
003 BR-BrBNA
005 20231205084556.0
007 ta
008 230509b bl.|||p| |||| 00| 00por d
040 _aBR-BrBNA
_bpor
_cBiblioteca Nacional de Agricultura
041 _a(Pt)
072 _aN20; H00
100 1 _aSilveira, G.M. da
245 1 _aEquipamentos recomendados no tratamento fitossanitario das pastagens
650 _aEquipamento rural
650 _aDefesa vegetal
650 _aPastagem
650 _aPolvilhador
650 _aPulverizador
773 0 _tRevista dos Criadores (Brazil)
_xISSN 0034-9259
_g(Nov 1980), v. 50(610) p. 34-37
_wBR8101483
909 _a202311
_bLúcia
_c55
_dLúcia Elande
942 _2AGRIS
_n0
_cANA
999 _c106032
_d106032